000 00466nam a22001577a 4500
082 _a620.4
_bSYE
100 _aSyed Abdurrehman (328939)
_9119472
245 _aPerformance Analysis of Adsorption Chiller Using a Test Bench Model /
264 _aIslamabad :
_bUSPCAS-E, NUST
_cSeptember, 2023.
300 _axiii, 53 p.
_e+CD
520 _aTH-527
650 _aMS ESE Thesis
650 _aMS Thesis
_918721
700 _aDr. Adeel Waqas
_928869
942 _2ddc
_cTHE
999 _c607168
_d607168